000 00973nam0a22002771 4500
001 rc\3567664
005 20260407080658.0
021 _aRU
_bРг7459-76
035 _a(NLR Aleph) 007689655
090 _a6627803
_c6627803
100 _a20130115d1976 |||y0rusy50 ca
101 0 _arus
102 _aRU
105 _aa b |||||
200 1 _aЭлектроинструменты
_e[Каталог
210 _aМосква
_cБ. и.
_d1976]
215 _a14 с.
_cил.
_d28
225 1 _aИнформэлектро
_v31.09.01-76
_iЭлектротехника СССР
311 _aПрил.: Дополнение № 1., 1976
421 0 _11010#$arus
_12001#$aДополнение № 1
_1210##$d1976
_1215##$a[2] с.$cил.
_tДополнение № 1
712 0 2 _4475
_aВНИИ электромеханики
_9284356
_3RU\NLR\AUTH\886279
801 0 _aRU
_bNLR
_gpsbo
801 1 _aRU
_bELAR
_2rusmarc
852 _aNLR
_jПт 20/1-31.09.01-76
942 _cBOOK
980 _aNB